000 00270nam a22000977a 4500
999 _c531615
_d531615
082 _a627.52
_bGAR
100 _aGrag, Santosh Kumar.
245 _aIrragation Engineering & Hydraulic Structures /
942 _2ddc
_cBK